Statistics for A Tribe Called Quest Studio Albums

Click here to take the quiz!

General Stats

  • This quiz has been taken 37 times
  • The average score is 4 of 6

Answer Stats

ReleasedAlbum% Correct
November 9, 1993Midnight Marauders
95%
September 24, 1991The Low End Theory
92%
July 30, 1996Beats, Rhymes and Life
57%
April 10, 1990People's Instinctive Travels and the Paths of Rhythm
54%
September 29, 1998The Love Movement
51%
November 11, 2016We Got It from Here... Thank You 4 Your Service
46%

Score Distribution

Percentile by Number Answered

Percent of People with Each Score

Your Score History

You have not taken this quiz